000 00706nam a2200265Ia 4500
003 OSt
005 20220918164721.0
006 a|||||r|||| 00| 0
007 ta
008 220917b |||||||| |||| 00| 0 eng d
020 _a0715377582
024 _a36,521
037 _cTextual
040 _aARTS
_cARTS
_beng
041 _2eng
_aeng
082 _aO122,3M02w, 111M1
100 _aRoss Micheal
_920252
245 0 _aAlexander Dumas
260 _aLondon
_bDavid and Charles UK
_c1981
300 _a293p.
_ccm.
500 _aBIb 279-80p; Appendix 281-88p
650 _aENGLISH LITERATURE
942 _hO122,3M02w, 111M1
_cTEXL
_2CC
999 _c126134
_d126134